25 najdroższych zawodników Premier League - Statystyki

Ogólne statystyki
  • Ten quiz został rozwiązany 79 razy
  • Średni wynik to 12 z 25
Statystyki odpowiedzi
Wartość (miliony Euro) Piłkarz % Poprawnych
100 Mohamed Salah
91%
85 Sadio Mane
78%
100 Kevin De Bruyne
77%
120 Harry Kane
67%
90 Raheem Sterling
67%
85 Heung-min Son
55%
90 Bruno Fernandes
54%
80 Phil Foden
54%
85 Marcus Rashford
52%
75 Trent Alexander-Arnold
51%
60 Gabriel Jesus
49%
100 Jadon Sancho
46%
70 Bernardo Silva
45%
65 Jack Grealish
45%
60 Paul Pogba
45%
65 Andrew Robertson
43%
75 Mason Mount
43%
65 Bukayo Saka
41%
75 Rúben Dias
39%
70 Kai Havertz
38%
70 Declan Rice
36%
65 Timo Werner
35%
70 Rodri
32%
60 Fabinho
17%
60 Wilfred Ndidi
7%
Nie znaleziono quizów pasujących do podanych kryteriów
Rozkład punktacji
Procent ludzi z każdym wynikiem
Percentyl według liczby udzielonych odpowiedzi
Twoja historia wyników
Nie rozwiązałeś tego quizu